Most Expensive Transfers from SL Benfica - Statistics

General Stats
  • This quiz has been taken 577 times
    181 since last reset
  • The average score is 13 of 18
Answer Stats
Sum To Season Player Name % Correct
127.20m Atlético Madrid '19-'20 João Félix
99%
80.00m Liverpool '22-'23 Darwin Núñez
97%
68.00m Manchester City '20-'21 Rúben Dias
96%
121.00m Chelsea '22-'23 Enzo Fernández
95%
59.92m Paris SG '24-'25 João Neves
92%
65.00m Paris SG '23-'24 Gonçalo Ramos
83%
35.00m Bayern Munich '16-'17 Renato Sanches
74%
35.70m Barcelona '17-'18 Nélson Semedo
68%
33.00m Real Madrid '10-'11 Ángel Di María
66%
28.00m Napoli '24-'25 David Neres
66%
40.00m Manchester City '17-'18 Ederson
64%
30.00m Paris SG '16-'17 Gonçalo Guedes
59%
40.00m Al-Hilal '24-'25 Marcos Leonardo
58%
30.00m Real Madrid '11-'12 Fábio Coentrão
57%
35.00m Manchester United '17-'18 Victor Lindelöf
57%
40.00m Zenit '12-'13 Axel Witsel
50%
38.00m Wolves '19-'20 Raúl Jiménez
47%
30.00m Valencia '15-'16 Rodrigo
32%
No matching quizzes found
Score Distribution
Percent of People with Each Score
Percentile by Number Answered
Your Score History
You have not taken this quiz since the last reset